Top 15 des pays avec les décès de Covid-19 - 17 juillet - Statistiques

Statistiques générales
  • Ce quiz a été pris 31 fois
  • Le résultat moyen est 13 sur 20
Statistiques - réponses
pays % Correct
France
100%
Espagne
93%
Etats-Unis
93%
Brésil
90%
Inde
90%
Italie
90%
Russie
90%
Allemagne
83%
Canada
83%
Mexique
79%
Royaume-Uni
79%
Belgique
62%
Pays-Bas
55%
Irlande
52%
Iran
48%
Suède
48%
Chili
38%
Pérou
38%
Équateur
21%
Panama
10%
Aucun quiz correspondant
Distribution des résultats
% des personnes avec chaque résultat
Percentile par nombre de réponses
Votre historique - résultats
Vous n’avez pas pris ce quiz